Statystyki dla Przedrostki SI

Kliknij tutaj aby rozwiązać quiz!

Ogólne statystyki

  • Ten quiz został rozwiązany 151 razy
  • Średni wynik to 11 z 20

Statystyki odpowiedzi

Mnożnik dziesiętnyPrzedrostek SI% Poprawnych
1 000kilo
89%
0,001mili
82%
1 000 000mega
79%
0,01centy
77%
0,1decy
75%
0,000 001mikro
75%
100hekto
72%
10deka
70%
1 000 000 000giga
70%
0,000 000 001nano
66%
1 000 000 000 000tera
61%
0,000 000 000 001piko
57%
1 000 000 000 000 000peta
41%
1 000 000 000 000 000 000 000 000jotta
38%
0,000 000 000 000 000 001atto
36%
1 000 000 000 000 000 000eksa
36%
0,000 000 000 000 001femto
33%
1 000 000 000 000 000 000 000zetta
33%
0,000 000 000 000 000 000 000 001jokto
26%
0,000 000 000 000 000 000 001zepto
25%

Rozkład punktacji

Percentyl według liczby udzielonych odpowiedzi

Procent ludzi z każdym wynikiem

Twoja historia wyników

Nie rozwiązałeś tego quizu